000 01215nam0a22002891 4500
001 rc\3363570
005 20130115152931.5
021 _aRU
_b[69-115920]
035 _a(NLR Aleph) 007526740
090 _a7742497
_c7742497
100 _a20130115d1969 |||y0rusy50 ca
101 0 _arus
102 _aRU
105 _ay z |||||
200 1 _aСовместная работа профсоюзной и технической библиотеки предприятия
_fГос. б-ка СССР им. В.И. Ленина. Науч.-метод. отд.
210 _aМосква
_cБ. и.
_d1969
215 _a14 с.
_d20
300 _aСост. указан на обороте тит. л.
606 _aТехнические библиотеки
_yКиев
_2psbo
606 _aПрофсоюзные библиотеки
_yКиев
_2psbo
700 1 _aЛофман
_bС. Е.
_gСемен Ефимович
_4220
712 0 2 _aГосударственная библиотека СССР им. В. И. Ленина
_bНаучно-методический отдел
_3RU\NLR\AUTH\889959406
801 0 _aRU
_bNLR
_gpsbo
801 1 _aRU
_bELAR
_2rusmarc
852 _aNLR
_jБ 4140/Л-812
942 _cBOOK
980 _aNB